000 00922nam a2200241Ia 4500
001 3185
003 GE_BSU
008 181216s||||||||xx |||||||||||||| ||und||
020 _a5713304132
040 _cGE_BSU
080 _a339.1
100 _aПортер, М,
245 _aМеждународнаия конкуренция: Конкурентные премушества стрвн=The competitive advantage of nations.
245 _cПер. с Англ. : И.В. Квасюка, Д.С. Комисcарова и др. Под.редl и с предисловием В.Д. Щетинина.
260 _aМосква
260 _bМеждународные Отношения
260 _c1993
300 _a896 ст. 24 см.
541 _h25 л.
653 _aКонкурентрые примушества
653 _aМеждународнаия конкуренция:
942 _cBK
999 _c37226
_d37226